[Event "St Petersburg Korchnoi Memorial op"]
[Site "St Petersburg"]
[Date "2023.08.22"]
[Round "7"]
[White "Osetrov, Dmitrij"]
[Black "Otdelnov, Kirill"]
[Result "1/2-1/2"]
[WhiteElo "1992"]
[BlackElo "2158"]
[PlyCount "81"]
[EventDate "2023.08.18"]
[EventType "swiss"]
[EventRounds "9"]
[EventCountry "RUS"]
[SourceTitle "EXT 2024"]
[Source "ChessBase"]
[SourceDate "2023.10.10"]
[SourceVersion "1"]
[SourceVersionDate "2023.10.10"]
[SourceQuality "1"]

1. d4 d5 2. c4 e6 3. Nf3 c6 4. Qc2 dxc4 5. Qxc4 Nf6 6. g3 b5 7. Qb3 Bb7 8. Bg2 Nbd7 9. 0-0 a6 10. Ne5 Nxe5 11. dxe5 Nd7 12. Rd1 Qb6 13. Bf4 c5 14. Nd2 Bxg2 15. Kxg2 Qc6+ 16. Qf3 Qxf3+ 17. Kxf3 Be7 18. Ne4 0-0-0 19. Kg2 Kb7 20. Be3 Nxe5 21. Nxc5+ Bxc5 22. Bxc5 f6 23. b3 Rc8 24. Rac1 Rhd8 25. Be3 Ng4 26. Bf4 e5 27. h3 Nxf2 28. Kxf2 exf4 29. gxf4 Rxd1 30. Rxd1 f5 31. Rd7+ Rc7 32. Rxc7+ Kxc7 33. Ke3 Kd6 34. Kd4 a5 35. a3 g6 36. h4 h6 37. e3 h5 38. a4 b4 39. Kc4 Kc6 40. Kd4 Kd6 41. Kc4 1/2-1/2